| 000 | 00849nam a22003017a 4500 | ||
|---|---|---|---|
| 001 | 0007497 | ||
| 003 | KOHA_MİRAKIL | ||
| 005 | 20260207001600.0 | ||
| 007 | ta | ||
| 008 | 090929b1987 enk |||gr||||#||||0|eng | | ||
| 020 | _a0006861229 | ||
| 040 |
_aTR-BiSEU _btur _cTR-BiSEU _erda |
||
| 041 | 0 | _aeng | |
| 044 | _cenk | ||
| 050 |
_aBF318 _b.D66 1987 |
||
| 100 | 1 | _aDonaldson, Margaret . | |
| 245 | 1 |
_aChildren's mind's/ _cMargaret Donaldson ; Margaret Donaldson. |
|
| 264 | 1 |
_aLondon : _bFontana Press _c1987 |
|
| 300 | _a156 sayfa | ||
| 336 |
_ametin _btxt _2rdacontent |
||
| 337 |
_aaracısız _bn _2rdamedia |
||
| 338 |
_acilt _bnc _2rdacarrier |
||
| 500 | _aKaynakça ve dizin var. | ||
| 650 | 0 |
_aÇocuk psikolojisi. _915487 |
|
| 650 | 0 |
_aEğitim psikolojisi. _915486 |
|
| 650 | 0 |
_aÖğrenme psikolojisi. _910450 |
|
| 942 |
_2lcc _cBK |
||
| 999 |
_c7475 _d7475 |
||